000 00577nam a22002057a 4500
003 OSt
008 190201b xxu||||| |||| 00| 0 eng d
020 _a9789383284009
082 _a631.53
_bS48B
100 _aSingh, Pradeep Kumar.
245 _aBiotechnology for Agriculture and Environment
260 _aNew Delhi
_bBioscientific Publishers
_c2016
300 _aviii,279p.
650 _aTechnology (Applied Sciences)
650 _aAgriculture and Related Technologies
650 _aAgriculture
650 _aBiotechnology
650 _aEnvironment
942 _2ddc
_cBK
999 _c20551
_d20551